02059nam a2200325 i 4500001001900000003000600019005001700025008004100042015001900083020001800102035002100120035002600141035001800167040003800185041000800223050002500231100003400256245012600290260003500416300002900451500005600480504005100536520095200587650003801539650001601577650001901593942000801612952009801620999001501718990204818590107026UkOxU20251002121615.0151124r20152012enk b 001|0|eng|d aGBB5H06622bnb a9780241257401 a(UkOxU)020481859 a(UkOxU)020481859BIB01 a(Uk)017634184 aStDuBDSbengerdacStDuBDSdUkOxU aeng aBF575.A85 bB76 2015 aBrown, Brenéeauthor92597210aDaring greatlyb: how the courage to be vulnerable transforms the way we live, love, parent, and lead /c/ Brené Brown. aLondon :bPenguin Life,c2015. aviii, 287 pages ;c20 cm aOriginally published: New York: Gotham Books, 2012. aIncludes bibliographical references and index. aEvery time we are introduced to someone new, try to be creative, or start a difficult conversation, we take a risk. We feel uncertain and exposed. We feel vulnerable. Most of us try to fight those feelings - we strive to appear perfect. In a powerful new vision Dr. Brene Brown challenges everything we think we know about vulnerability, and dispels the widely accepted myth that it's a weakness. She argues that, in truth, vulnerability is strength and when we shut ourselves off from vulnerability - from revealing our true selves - we distance ourselves from the experiences that bring purpose and meaning to our lives. Daring Greatly is the culmination of 12 years of groundbreaking social research, across every area of our lives including home, relationships, work, and parenting. It is an invitation to be courageous; to show up and let ourselves be seen, even when there are no guarantees. This is vulnerability. This is daring greatly. 0aAssertiveness (Psychology)925973 0a Risk94552 0aCourage923507 2lcc 00102lcc4070aTBSbTBSd2025-10-02l0oBF575.A85 BROpB07636r2025-10-02t1w2025-10-02y1 c4992d4992